000 00958nam a22002651u 4500
001 05568
003 HDC
007 cr bn ---
008 210120p xx fo d 00 engg
040 _aHDC
100 _aLEONARD ARIFF ABDUL SHATAR
_95760
245 0 _aWORLD HALAL RESEARCH SUMMIT 2011 :
_bTHE BENEFITS OF HALAL PHARMACEUTICALS STANDARD - MS2424 /
_cby LEONARD ARIFF ABDUL SHATAR
260 _a[No place] :
_b[publisher not identified],
_c2011
300 _a18 pages :
_bIllustrations
336 _atext
_2rdacontent
337 _acomputer
_2rdamedia
338 _aonline resource
_2rdacarrier
650 _aHalal industry
_9144
650 _aHalal pharmaceuticals
_91242
650 _aIslamic laws
_95840
856 _zRequest full-text at [email protected]
942 _2lcc
942 _cSLIDE
942 _kSLID 000440
999 _c2892
_d2892